000 00644nam a22001817a 4500
005 20251108165322.0
008 250721s1993 xx 000 0 ara d
082 1 4 _a634/فاك
100 1 _aإبراهيم، فؤاد عبد اللطيف
245 1 0 _aفاكهة متخصصة /
264 1 _aالقاهرة :
_bجامعة القاهرة - التعليم المفتوح،
_c1993.
300 _a353ص.
490 0 _aدراسات بكالوريوس تكنولوجيا إستصلاح و إستزراع الأراضي الصحراوية
650 1 7 _aالفاكهة
650 1 7 _aعلم البساتين
942 _2ddc
_cBK
999 _c24978
_d24978